इसे छोड़कर सामग्री पर बढ़ने के लिए
Inicio
Centros participantes
Catálogo
Servicios
Contacto
लॉग इन करें
English
Deutsch
Español
Français
Italiano
日本語
Nederlands
Português
Português (Brasil)
中文(简体)
中文(繁體)
Türkçe
עברית
Gaeilge
Cymraeg
Ελληνικά
Català
Euskara
Русский
Čeština
Suomi
Svenska
polski
Dansk
slovenščina
اللغة العربية
বাংলা
Galego
Tiếng Việt
Hrvatski
हिंदी
Հայերէն
Українська
Sámegiella
भाषा
सभी फ़ील्ड्स
शीर्षक
लेखक
विषय
बोधानक
आईएसबीएन / आईएसएसएन
टैग
खोज
उन्नत
Control democrático de la gest...
इसे उद्धृत करें
इसे ईमेल करें
प्रिंट
निर्यात रिकॉर्ड
को निर्यात RefWorks
को निर्यात EndNoteWeb
को निर्यात EndNote
सूची में सहेजें
स्थायी लिंक
पहली रेटिंग जोड़ें
Control democrático de la gestión económica /
में बचाया:
ग्रंथसूची विवरण
मुख्य लेखक:
Ayrton, Fausto
अन्य लेखक:
Campero, Guillermo
स्वरूप:
मूलपाठ
प्रकाशित:
Buenos Aires:
s.e.
टैग:
टैग जोड़ें
कोई टैग नहीं, इस रिकॉर्ड को टैग करने वाले पहले व्यक्ति बनें!
होल्डिंग्स
विवरण
टिप्पणियाँ
समान संसाधन
स्टाफ के लिए
MARC
LEADER
00000 a a2200000 04500
001
22760
003
040
090
|a
156400
100
|a
Ayrton, Fausto
245
|a
Control democrático de la gestión económica /
|c
Fausto Ayrton
260
|a
Buenos Aires:
|b
s.e.
300
|a
14 p
700
|a
Campero, Guillermo
999
|c
12846
|d
12846
समान संसाधन
Revolución y mesianismo: formas de resistencia a la integración nacional
द्वारा: Guionneau - Sinclair, Françoise
América Latina frente a la crisis centroamericana: una propuesta de paz informe -resumen /
Informe de plaguicidas de El Salvador
Proyecto REDCAP (Red Centroamericana de plaguicidas) /
द्वारा: Wesseling, Catharina
Teorías comtemporáneas sobre las relaciones internacionales